[Event "Isola d'Elba op 29th"]
[Site "Capoliveri "]
[Date "2011.05.10"]
[Round "4"]
[White "Gromovs, Sergejs"]
[Black "Kitchlew, Andrew"]
[Result "1-0"]
[WhiteElo "2311"]
[BlackElo "2100"]
[PlyCount "89"]
[EventDate "2011.05.07"]
[EventType "swiss"]
[EventRounds "9"]
[EventCountry "ITA"]
[SourceTitle "EXT 2014"]
[Source "ChessBase"]
[SourceDate "2013.11.20"]
[SourceVersion "1"]
[SourceVersionDate "2013.11.20"]
[SourceQuality "1"]

1. d4 e6 2. c4 d5 3. Nc3 Nf6 4. Nf3 Bb4 5. Qa4+ Nc6 6. e3 0-0 7. Bd2 Bxc3 8. Bxc3 Ne4 9. Rc1 Nxc3 10. Rxc3 Bd7 11. Qc2 Re8 12. a3 Qf6 13. Be2 dxc4 14. Rxc4 Re7 15. 0-0 Rc8 16. b4 a6 17. e4 Be8 18. e5 Qh6 19. d5 Nxe5 20. Nxe5 exd5 21. Ng4 Qe6 22. Ne3 dxc4 23. Bg4 Qc6 24. Bxc8 b5 25. Rd1 Bd7 26. Bxd7 Rxd7 27. Rxd7 Qxd7 28. Qd1 Qe7 29. Qd4 h6 30. Kf1 a5 31. Qc5 Qxc5 32. bxc5 Kf8 33. Ke2 Ke7 34. Kd2 Ke6 35. Kc3 Ke5 36. a4 c6 37. f4+ Ke6 38. Kd4 f6 39. g4 g6 40. Nc2 c3 41. f5+ gxf5 42. gxf5+ Kxf5 43. axb5 cxb5 44. Kd5 b4 45. c6 1-0

[Event "Isola d'Elba op 27th"]
[Site "Capoliveri"]
[Date "2009.05.??"]
[Round "5"]
[White "Kitchlew, Andrew"]
[Black "Pepino, Enrico"]
[Result "0-1"]
[WhiteElo "2052"]
[BlackElo "2148"]
[PlyCount "74"]
[EventDate "2009.05.10"]
[EventType "swiss"]
[EventRounds "9"]
[EventCountry "ITA"]
[SourceTitle "EXT 2011"]
[Source "ChessBase"]
[SourceDate "2010.11.26"]
[SourceVersion "1"]
[SourceVersionDate "2010.11.26"]
[SourceQuality "1"]

1. e4 c5 2. Bc4 Nc6 3. Nf3 d6 4. Nc3 Nf6 5. d3 e6 6. Bf4 Be7 7. Bb3 0-0 8. a3 a6 9. h3 b5 10. g4 Bb7 11. Ne2 e5 12. Bd2 Nd4 13. Nfxd4 exd4 14. Nf4 c4 15. Ba2 d5 16. e5 Nd7 17. e6 Nc5 18. Qe2 Bd6 19. 0-0-0 c3 20. exf7+ Rxf7 21. Nxd5 cxd2+ 22. Kb1 Kh8 23. Rhf1 Rf8 24. f4 Re8 25. Qxd2 Bf8 26. c4 dxc3 27. Nxc3 Qd6 28. f5 Rad8 29. d4 Ne4 30. Nxe4 Bxe4+ 31. Ka1 Bd5 32. g5 Bxa2 33. Kxa2 Qd5+ 34. Ka1 b4 35. a4 Qb3 36. Kb1 Qxa4 37. Qd3 b3 0-1

[Event "Isola d'Elba op 27th"]
[Site "Capoliveri"]
[Date "2009.05.??"]
[Round "6"]
[White "Petrolo, Mauro"]
[Black "Kitchlew, Andrew"]
[Result "1-0"]
[WhiteElo "1946"]
[BlackElo "2052"]
[PlyCount "95"]
[EventDate "2009.05.10"]
[EventType "swiss"]
[EventRounds "9"]
[EventCountry "ITA"]
[SourceTitle "EXT 2011"]
[Source "ChessBase"]
[SourceDate "2010.11.26"]
[SourceVersion "1"]
[SourceVersionDate "2010.11.26"]
[SourceQuality "1"]

1. e4 d6 2. d4 Nf6 3. Nc3 Rg8 4. h3 g5 5. Nf3 h6 6. Be3 c6 7. e5 dxe5 8. Nxe5 Nd5 9. Nxd5 Qxd5 10. Qh5 b5 11. c4 Qe6 12. cxb5 Qf6 13. bxc6 a6 14. Rc1 e6 15. Bd3 Bb4+ 16. Ke2 Bd6 17. Ng4 Qg7 18. Qxh6 Qxh6 19. Nxh6 Rg7 20. Ng4 Kd8 21. Nf6 Ke7 22. Ne4 f6 23. Rc2 Bc7 24. Rhc1 f5 25. Nc5 f4 26. Bd2 a5 27. Ne4 Na6 28. a3 Bb6 29. Bc3 Rg8 30. f3 Nc7 31. Bc4 Nd5 32. Bxd5 exd5 33. Nf2 Kd6 34. Re1 Ba6+ 35. Kd2 Rae8 36. Rcc1 Rc8 37. Re5 Bc4 38. Rce1 Kxc6 39. Ng4 Rcd8 40. Nh6 Rg7 41. Re6+ Kb5 42. Nf5 Rgd7 43. a4+ Ka6 44. b3 Bxb3 45. Rb1 Bxa4 46. Rbxb6+ Ka7 47. Ra6+ Kb7 48. Reb6+ 1-0

[Event "Isola d'Elba op 26th"]
[Site "Isola d'Elba"]
[Date "2008.05.10"]
[Round "2"]
[White "Kitchlew, Andrew"]
[Black "Gardi, Giuseppe"]
[Result "1-0"]
[WhiteElo "2105"]
[BlackElo "2061"]
[PlyCount "121"]
[EventDate "2008.05.10"]
[EventType "swiss"]
[EventRounds "9"]
[EventCountry "ITA"]
[SourceTitle "CBM 124 Extra"]
[Source "ChessBase"]
[SourceDate "2008.07.03"]
[SourceVersion "1"]
[SourceVersionDate "2008.07.03"]
[SourceQuality "1"]

1. d4 g6 2. e4 Bg7 3. Bc4 d6 4. Qf3 e6 5. Ne2 Nd7 6. h4 h6 7. Nf4 Qe7 8. Nc3 c6 9. Be3 b5 10. e5 d5 11. Bd3 Nb6 12. a4 b4 13. Nce2 a5 14. c4 Ba6 15. cxd5 cxd5 16. 0-0 Bxd3 17. Nxd3 Qxh4 18. Rac1 Qe4 19. Qxe4 dxe4 20. Nc5 Ne7 21. Nxe4 Ned5 22. Nd6+ Ke7 23. Nf4 Rhd8 24. Nxd5+ Nxd5 25. Bd2 Kf8 26. Rc5 Rdb8 27. Rfc1 Kg8 28. Ne4 g5 29. b3 Kh7 30. g4 Kg6 31. Kg2 Bf8 32. R5c4 Be7 33. Kg3 Bd8 34. f4 gxf4+ 35. Bxf4 Bg5 36. Bxg5 hxg5 37. Rf1 Rh8 38. Rc5 Nf4 39. Rxf4 gxf4+ 40. Kxf4 Rhc8 41. Rb5 Rcb8 42. Rc5 Rc8 43. Nd6 Rd8 44. Rc7 f6 45. Re7 fxe5+ 46. Kxe5 Rxd6 47. Kxd6 Rd8+ 48. Kc5 Rd5+ 49. Kc4 Kf6 50. Rb7 Rd8 51. Rb5 Rc8+ 52. Rc5 Ra8 53. Kb5 Rd8 54. Kxa5 Rxd4 55. g5+ Ke7 56. Kb5 Rf4 57. a5 Kd6 58. a6 Rf8 59. a7 Ra8 60. Rc6+ Kd7 61. Kb6 1-0

[Event "Isola d'Elba op 26th"]
[Site "Isola d'Elba"]
[Date "2008.05.10"]
[Round "6"]
[White "Kitchlew, Andrew"]
[Black "Vuelban, Virgilio"]
[Result "1-0"]
[WhiteElo "2105"]
[BlackElo "2270"]
[PlyCount "64"]
[EventDate "2008.05.10"]
[EventType "swiss"]
[EventRounds "9"]
[EventCountry "ITA"]
[SourceTitle "CBM 124 Extra"]
[Source "ChessBase"]
[SourceDate "2008.07.03"]
[SourceVersion "1"]
[SourceVersionDate "2008.07.03"]
[SourceQuality "1"]

1. d4 Nf6 2. Nf3 c5 3. e3 d5 4. Nbd2 Nc6 5. b3 Bg4 6. Bb2 cxd4 7. exd4 e6 8. Be2 Qa5 9. c3 Bd6 10. 0-0 0-0 11. Re1 Rac8 12. Ne5 Bxe5 13. Bxg4 Nxg4 14. Qxg4 Bf6 15. Nf3 Rfd8 16. h4 Qa6 17. Re3 Ne7 18. Ne5 Nf5 19. Rh3 Bxe5 20. dxe5 d4 21. c4 b5 22. c5 Rxc5 23. Qg5 Qc8 24. g4 h6 25. Qf4 Ne7 26. Rf3 Ng6 27. Qxf7+ Kh7 28. Rf6 Nf4 29. g5 hxg5 30. hxg5 Nh3+ 31. Kg2 Kh8 32. Rh1 Qb7+ 1-0

[Event "Lugano New op 2nd"]
[Site "Lugano"]
[Date "2008.03.15"]
[Round "6"]
[White "Profumo, Alberto"]
[Black "Kitchlew, Andrew"]
[Result "1-0"]
[WhiteElo "2245"]
[BlackElo "2091"]
[PlyCount "151"]
[EventDate "2008.03.13"]
[EventType "swiss"]
[EventRounds "7"]
[EventCountry "SUI"]
[SourceTitle "EXT 2010"]
[Source "ChessBase"]
[SourceDate "2010.11.25"]
[SourceVersion "1"]
[SourceVersionDate "2010.11.25"]
[SourceQuality "1"]

1. Nf3 d6 2. d4 h6 3. e4 g5 4. h3 Nf6 5. Bd3 g4 6. hxg4 Bxg4 7. Be3 c6 8. Nbd2 Nbd7 9. c3 Qc7 10. Qc2 e5 11. Nh4 Be6 12. Bc4 Ng4 13. Bxe6 fxe6 14. Nf1 Nxe3 15. Nxe3 exd4 16. cxd4 Rg8 17. Nf3 0-0-0 18. 0-0-0 Kb8 19. Kb1 Qa5 20. d5 cxd5 21. exd5 exd5 22. Rxd5 Qc7 23. Qxc7+ Kxc7 24. Nd4 Rg6 25. Rd1 a6 26. Rf5 Kb8 27. Rf7 Ne5 28. Rf5 Nc6 29. Ne2 Bg7 30. Nf4 Rf6 31. g4 Rxf5 32. Nxf5 Be5 33. Nd5 Re8 34. Re1 Rg8 35. f4 Rxg4 36. fxe5 dxe5 37. Nxh6 Rg2 38. Nf5 a5 39. Nfe3 Rh2 40. Nc4 Rh5 41. Nf6 Rh2 42. Nd7+ Ka7 43. Ndxe5 Nd4 44. Nxa5 Kb6 45. Nb3 Nxb3 46. axb3 Kb5 47. Nd3 Rd2 48. Re5+ Kb6 49. Nc5 Rh2 50. Ka2 Kc6 51. b4 b6 52. Na4 Rh4 53. Kb3 Rh3+ 54. Nc3 Rh7 55. b5+ Kb7 56. Nd5 Rh3+ 57. Re3 Rh5 58. Kc4 Rh4+ 59. Kd3 Rh5 60. Kd4 Rh4+ 61. Ke5 Rh2 62. Kd6 Rc2 63. Re7+ Kb8 64. b4 Rc4 65. Rc7 Rh4 66. Rc6 Rh6+ 67. Ke5 Rh5+ 68. Kd4 Ka7 69. Rxb6 Rxd5+ 70. Kxd5 Kxb6 71. Kc4 Kc7 72. Kc5 Kb7 73. b6 Ka6 74. b7 Ka7 75. Kc6 Kb8 76. b5 1-0

[Event "Lugano New op 2nd"]
[Site "Lugano"]
[Date "2008.03.14"]
[Round "3"]
[White "Kitchlew, Andrew"]
[Black "Maffioli, Massimo"]
[Result "1-0"]
[WhiteElo "2091"]
[BlackElo "1736"]
[PlyCount "69"]
[EventDate "2008.03.13"]
[EventType "swiss"]
[EventRounds "7"]
[EventCountry "SUI"]
[SourceTitle "EXT 2010"]
[Source "ChessBase"]
[SourceDate "2010.11.25"]
[SourceVersion "1"]
[SourceVersionDate "2010.11.25"]
[SourceQuality "1"]

1. e4 e5 2. Bc4 Bc5 3. d4 Bxd4 4. Nf3 Nf6 5. Nxd4 exd4 6. e5 d5 7. Bb3 Nfd7 8. Qxd4 Nb6 9. Nc3 Be6 10. Be3 Nc6 11. Qf4 Ne7 12. 0-0-0 Ng6 13. Qg3 c6 14. h4 h5 15. Ne4 Nc8 16. Nc5 Qe7 17. c4 Nb6 18. Nxe6 Qxe6 19. Bxb6 dxc4 20. Rd6 Qg4 21. Qxg4 hxg4 22. Bxc4 axb6 23. e6 f6 24. g3 Ne5 25. Bb3 Ke7 26. Rd2 Rhd8 27. Re2 c5 28. a3 c4 29. Bc2 Kxe6 30. h5 Kf7 31. Rh4 Rd4 32. h6 Rh8 33. h7 g6 34. Re3 Nf3 35. Rxf3 1-0

[Event "Gibraltar Masters 6th"]
[Site "Gibraltar"]
[Date "2008.01.22"]
[Round "1"]
[White "Campbell, Ian"]
[Black "Kitchlew, Andrew"]
[Result "0-1"]
[WhiteElo "2024"]
[BlackElo "2091"]
[PlyCount "128"]
[EventDate "2008.01.22"]
[EventType "swiss"]
[EventRounds "10"]
[EventCountry "ENG"]
[SourceTitle "CBM 122 Extra"]
[Source "ChessBase"]
[SourceDate "2008.03.04"]
[SourceVersion "1"]
[SourceVersionDate "2008.03.04"]
[SourceQuality "1"]

1. Nf3 d6 2. d4 Nc6 3. c4 Nf6 4. Nc3 Bg4 5. e3 e5 6. Be2 Be7 7. d5 Nb8 8. e4 Nbd7 9. Nd2 Bxe2 10. Qxe2 a6 11. Nf1 h6 12. Ng3 g6 13. Be3 Nf8 14. f3 h5 15. Qd2 N8h7 16. Nge2 Qd7 17. Nc1 g5 18. Nd3 c6 19. 0-0 h4 20. dxc6 bxc6 21. c5 g4 22. cxd6 Bxd6 23. Rad1 gxf3 24. Rxf3 Rg8 25. Rf5 Qe7 26. Kh1 Rg6 27. Bc5 Nd7 28. Bxd6 Rxd6 29. Qe2 0-0-0 30. Rdf1 f6 31. h3 Nb8 32. Nxe5 Rd2 33. Qg4 Kb7 34. Nc4 R2d4 35. Na5+ Ka8 36. Nb3 Rc4 37. Qxh4 Ng5 38. R5f4 Nd7 39. Na5 Rc5 40. Nb3 Rc4 41. Nd2 Rb4 42. Nb3 Ne6 43. R4f2 Ng5 44. Qf4 Ne6 45. Qf3 Ng5 46. Qe2 Ka7 47. Na5 Qe6 48. Qe3+ Ka8 49. a3 Rbb8 50. b4 Rh8 51. Rf5 Rbf8 52. R1f4 Rh7 53. Qe2 Ka7 54. Na4 Rfh8 55. Qe3+ Ka8 56. Kh2 Nxh3 57. gxh3 Rxh3+ 58. Qxh3 Qa2+ 59. Rf2 Rxh3+ 60. Kxh3 Qxa3+ 61. Kg2 Qxa4 62. e5 fxe5 63. Rd2 Qxb4 64. Rxd7 Qg4+ 0-1

[Event "Calvia op"]
[Site "Calvia"]
[Date "2006.10.17"]
[Round "7.9"]
[White "Kitchlew, Andrew"]
[Black "Fogel, Pierre"]
[Result "0-1"]
[WhiteElo "2107"]
[BlackElo "2202"]
[PlyCount "108"]
[EventDate "2006.10.11"]
[EventType "swiss"]
[EventRounds "9"]
[EventCountry "ESP"]
[SourceTitle "EXT 2007"]
[Source "ChessBase"]
[SourceDate "2006.11.23"]
[SourceVersion "1"]
[SourceVersionDate "2006.11.23"]
[SourceQuality "1"]

1. d4 d5 2. Nf3 Nf6 3. e3 e6 4. Bd3 c5 5. b3 Nbd7 6. 0-0 Be7 7. Bb2 0-0 8. Nbd2 b6 9. Ne5 Nxe5 10. dxe5 Nd7 11. f4 f5 12. Rf3 Bb7 13. Rh3 g6 14. g4 Rf7 15. gxf5 gxf5 16. Kf2 Rg7 17. Qf3 c4 18. Qh5 cxd3 19. Rg1 Nf8 20. Rxg7+ Kxg7 21. Qh6+ Kg8 22. Rg3+ Ng6 23. Rxg6+ hxg6 24. Qxg6+ Kf8 25. Qxe6 Bh4+ 26. Kf1 Qe7 27. Qxf5+ Ke8 28. Qxd3 Rc8 29. Nf3 Rc6 30. Qf5 Ba6+ 31. Kg1 Qg7+ 32. Kh1 Be7 33. c4 dxc4 34. bxc4 Rxc4 35. Qh5+ Kd8 36. Ng5 Bb7+ 37. Kg1 Bxg5 38. fxg5 Rc7 39. g6 Bd5 40. h4 Rc2 41. e6 Rxb2 42. Qxd5+ Kc7 43. h5 Rb4 44. Kg2 a6 45. Kg3 Rb5 46. Qd4 Qxd4 47. exd4 Rxh5 48. Kg4 Rh1 49. Kg5 Kd6 50. d5 Ke7 51. Kf5 Rh5+ 52. Kg4 Rxd5 53. g7 Rd8 54. Kf5 b5 0-1

[Event "Gibraltar Masters"]
[Site "Catalan Bay"]
[Date "2004.01.27"]
[Round "1"]
[White "White, Ian Graham"]
[Black "Kitchlew, Andrew"]
[Result "1-0"]
[WhiteElo "2018"]
[BlackElo "2112"]
[PlyCount "121"]
[EventDate "2004.01.27"]
[EventType "swiss"]
[EventRounds "10"]
[EventCountry "ENG"]
[SourceTitle "CBM 098 Extra"]
[Source "ChessBase"]
[SourceDate "2004.03.10"]
[SourceVersion "2"]
[SourceVersionDate "2004.03.10"]
[SourceQuality "1"]

1. e4 d6 2. d4 g6 3. Nc3 Bg7 4. Nf3 Bg4 5. Be2 Nc6 6. Be3 e5 7. d5 Nce7 8. Qd3 a6 9. Ng5 Bxe2 10. Nxe2 Nf6 11. f3 h6 12. Nh3 g5 13. Ng3 Qd7 14. Nf2 c6 15. c4 c5 16. a4 a5 17. Qb3 Qc7 18. Qb5+ Kf8 19. Ra3 Nd7 20. Rb3 b6 21. Nf5 Nxf5 22. exf5 Ke7 23. Ne4 Rab8 24. 0-0 Rhe8 25. Bd2 Bf6 26. Re1 Kf8 27. h4 gxh4 28. Bxh6+ Ke7 29. f4 Rg8 30. Bg5 Bxg5 31. fxg5 Rh8 32. f6+ Kd8 33. Qc6 Rg8 34. Qxd6 Qxd6 35. Nxd6 Kc7 36. Nxf7 Rbf8 37. Nxe5 Rxg5 38. Nxd7 Kxd7 39. Re7+ Kd8 40. Rh7 Rxf6 41. Rxh4 Rfg6 42. Rh2 Re5 43. Rh8+ Kc7 44. Rf3 Rg7 45. Rhf8 Re1+ 46. Rf1 Re2 47. R8f7+ Rxf7 48. Rxf7+ Kd6 49. Rf6+ Kc7 50. b3 Re4 51. Kf2 Rd4 52. Rf3 b5 53. axb5 a4 54. bxa4 Rxc4 55. a5 Rc2+ 56. Kf1 Kd6 57. Ra3 Kc7 58. b6+ Kb8 59. d6 c4 60. a6 Rb2 61. d7 1-0

[Event "Ghent op 26th"]
[Site "Ghent"]
[Date "2003.07.21"]
[Round "6"]
[White "Kitchlew, Andrew"]
[Black "De Bruycker, Bernard"]
[Result "0-1"]
[WhiteElo "2112"]
[BlackElo "2226"]
[PlyCount "102"]
[EventDate "2003.07.19"]
[EventType "swiss"]
[EventRounds "9"]
[EventCountry "BEL"]
[SourceTitle "CBM 095 Extra"]
[Source "ChessBase"]
[SourceDate "2003.09.04"]
[SourceVersion "1"]
[SourceVersionDate "2003.09.04"]
[SourceQuality "1"]

1. d4 d5 2. Nf3 Nf6 3. Nbd2 c5 4. e3 e6 5. Ne5 cxd4 6. exd4 Nc6 7. Ndf3 Qa5+ 8. c3 Nxe5 9. Nxe5 Bd6 10. Bf4 Qb6 11. Qc2 h6 12. Be2 a6 13. a4 Qc7 14. 0-0 b6 15. Rfe1 0-0 16. Bd3 Bb7 17. Qe2 Rfe8 18. Qf3 Ne4 19. Bxe4 dxe4 20. Qe3 f6 21. Ng6 Bxf4 22. Nxf4 g5 23. Ne2 f5 24. g3 Rf8 25. Kf1 f4 26. gxf4 gxf4 27. Qh3 Rf6 28. c4 Kh8 29. Rac1 Rg8 30. c5 e3 31. f3 Qc6 32. Ng1 Rfg6 33. Ke2 Rg2+ 34. Kd3 Rd2+ 35. Kc3 e5 36. Kb3 Rxd4 37. Ka2 Rxa4+ 38. Kb1 Bc8 39. Qh5 Rg5 40. Qf7 Bf5+ 41. Rc2 Bxc2+ 42. Kxc2 Qg6+ 43. Qxg6 Rxg6 44. cxb6 Rxb6 45. Ne2 Rab4 46. Rb1 Rg6 47. Kc3 a5 48. Nc1 Rc6+ 49. Kd3 Rd4+ 50. Ke2 Rc2+ 51. Ke1 Rxh2 0-1

[Event "Guernsey op 28th"]
[Site "Les Dicqs"]
[Date "2002.10.25"]
[Round "6"]
[White "Corkett, Anthony R"]
[Black "Kitchlew, Andrew"]
[Result "1-0"]
[WhiteElo "2313"]
[BlackElo "2090"]
[PlyCount "69"]
[EventDate "2002.10.20"]
[EventType "swiss"]
[EventRounds "7"]
[EventCountry "GCI"]
[SourceTitle "EXT 2003"]
[Source "ChessBase"]
[SourceDate "2002.11.25"]
[SourceVersion "1"]
[SourceVersionDate "2002.11.25"]
[SourceQuality "1"]

1. e4 e6 2. d4 Nf6 3. e5 Nd5 4. Nf3 d6 5. a3 dxe5 6. dxe5 Be7 7. Bd3 Nd7 8. c3 Nc5 9. Bc2 Bd7 10. b4 Na6 11. Qe2 c5 12. b5 Nac7 13. c4 Nb6 14. 0-0 a6 15. bxa6 Nxa6 16. Nc3 Bc6 17. Rb1 Nb8 18. Rd1 N8d7 19. Ne4 Nc8 20. Rd3 Qc7 21. Bf4 Qa5 22. Nd6+ Nxd6 23. exd6 Bf6 24. Ne5 Nxe5 25. Bxe5 Kd7 26. Rdb3 Rab8 27. Be4 Qa8 28. Bxf6 gxf6 29. Rb6 Kxd6 30. Qb2 Kc7 31. Qxf6 Rhd8 32. Bxc6 Rd1+ 33. Rxd1 Kxb6 34. Bf3 Rf8 35. Rb1+ 1-0

[Event "Guernsey op 27th"]
[Site "Guernsey"]
[Date "2001.10.24"]
[Round "4"]
[White "De Kruif, Kees"]
[Black "Kitchlew, Andrew"]
[Result "0-1"]
[WhiteElo "2148"]
[BlackElo "2032"]
[PlyCount "80"]
[EventDate "2001.10.21"]
[EventType "swiss"]
[EventRounds "7"]
[EventCountry "GCI"]
[SourceTitle "EXT 2002"]
[Source "ChessBase"]
[SourceDate "2001.11.25"]
[SourceVersion "1"]
[SourceVersionDate "2001.11.25"]
[SourceQuality "1"]

1. a3 h5 2. Nf3 d5 3. e3 Nc6 4. b4 e6 5. Bb2 Nf6 6. c4 dxc4 7. Bxc4 Bd6 8. d4 Bd7 9. Nbd2 Qe7 10. Rc1 a6 11. h3 Rg8 12. Ng5 Na7 13. Be2 g6 14. Nge4 Nxe4 15. Nxe4 f5 16. Nxd6+ Qxd6 17. Bf3 Bc6 18. 0-0 0-0-0 19. Bxc6 Nxc6 20. Qe2 g5 21. b5 axb5 22. Qxb5 g4 23. h4 g3 24. f4 Qe7 25. Rxc6 bxc6 26. Qxc6 Qd6 27. Qf3 Qb6 28. Rb1 Qb3 29. Qe2 Rd6 30. Rc1 Rb6 31. Bc3 Qxa3 32. Bd2 Qa2 33. Rd1 Rb2 34. Kf1 Rg4 35. d5 Rxh4 36. Qd3 Rh1+ 37. Ke2 Rxd1 38. Kxd1 Rxd2+ 39. Qxd2 Qxd2+ 40. Kxd2 exd5 0-1

[Event "Guernsey op 27th"]
[Site "Guernsey"]
[Date "2001.10.23"]
[Round "3"]
[White "Kitchlew, Andrew"]
[Black "Vickery, Jim"]
[Result "1-0"]
[WhiteElo "2032"]
[BlackElo "2218"]
[PlyCount "51"]
[EventDate "2001.10.21"]
[EventType "swiss"]
[EventRounds "7"]
[EventCountry "GCI"]
[SourceTitle "EXT 2002"]
[Source "ChessBase"]
[SourceDate "2001.11.25"]
[SourceVersion "1"]
[SourceVersionDate "2001.11.25"]
[SourceQuality "1"]

1. e4 Nf6 2. Nc3 e5 3. Nf3 Nc6 4. d4 exd4 5. Nxd4 Bb4 6. Nxc6 bxc6 7. Qd4 Qe7 8. f3 d5 9. Bg5 c5 10. Bb5+ Kf8 11. Qd3 Bb7 12. 0-0-0 c6 13. Rhe1 Qc7 14. e5 Ng8 15. Ba4 Ne7 16. a3 Ba5 17. Bxe7+ Kxe7 18. Qe3 Bb6 19. Qg5+ Kf8 20. e6 f6 21. e7+ Kf7 22. Nxd5 cxd5 23. Qh5+ g6 24. e8Q+ Raxe8 25. Bxe8+ Rxe8 26. Qxh7+ 1-0

[Event "Guernsey op 27th"]
[Site "Guernsey"]
[Date "2001.10.21"]
[Round "1"]
[White "Kitchlew, Andrew"]
[Black "Arkell, Keith C"]
[Result "0-1"]
[WhiteElo "2032"]
[BlackElo "2457"]
[PlyCount "102"]
[EventDate "2001.10.21"]
[EventType "swiss"]
[EventRounds "7"]
[EventCountry "GCI"]
[SourceTitle "EXT 2002"]
[Source "ChessBase"]
[SourceDate "2001.11.25"]
[SourceVersion "1"]
[SourceVersionDate "2001.11.25"]
[SourceQuality "1"]

1. d4 e6 2. e3 c5 3. Nf3 b6 4. c4 cxd4 5. exd4 Nf6 6. Nc3 Bb7 7. Be2 Na6 8. 0-0 Nc7 9. Bg5 Be7 10. Ne5 0-0 11. Bf3 Bxf3 12. Qxf3 Nfe8 13. Bxe7 Qxe7 14. Rfe1 Nd6 15. b3 f6 16. Ng4 Nf7 17. Rad1 Rfc8 18. d5 e5 19. Ne4 Ne8 20. Ne3 Ned6 21. Nf5 Nxf5 22. Qxf5 Nd6 23. Nxd6 Qxd6 24. Re3 g6 25. Rg3 Kg7 26. Qe4 Rf8 27. Re1 Rae8 28. Qh4 h6 29. Rh3 Rh8 30. Rhe3 b5 31. cxb5 Qxd5 32. Qc4 Qb7 33. Rd3 Rc8 34. Qd5 Qxd5 35. Rxd5 Rhd8 36. Red1 Rc7 37. h3 Kf7 38. Rd6 Ke7 39. a4 Rb8 40. b4 Rbb7 41. Ra6 Rb6 42. Rxb6 axb6 43. a5 Ke6 44. Ra1 Rc8 45. a6 e4 46. Kf1 f5 47. g3 g5 48. Ke2 f4 49. gxf4 gxf4 50. Kd2 Ke5 51. Rc1 e3+ 0-1